[Event "XXVIIIe Open de Metz - A"]
[Site "Complexe Saint-Symphorien"]
[Date "2010.04.10"]
[Round "1.3"]
[White "Corrales Jimenez, Fidel"]
[Black "Benitah, Yohan"]
[Result "1-0"]
[WhiteElo "2585"]
[BlackElo "2377"]
[Annotator "Antares"]
[PlyCount "77"]
[EventDate "2010.04.10"]

1. e4 c5 2. Nf3 d6 3. d4 cxd4 4. Nxd4 Nf6 5. Nc3 a6 6. Be3 e5 7. Nb3 Be6 8. Qd2
Nbd7 9. f3 h5 10. O-O-O Rc8 11. Kb1 Be7 12. g3 b5 13. Nd5 Bxd5 14. exd5 Nb6 15.
Bxb6 Qxb6 16. Bh3 Rc7 17. Rhe1 Nd7 18. f4 Bf6 19. Nd4 O-O 20. Nc6 exf4 21. Bxd7
Rxd7 22. gxf4 h4 23. Re4 Rc7 24. f5 a5 25. Rg4 Re8 26. Qh6 Re4 27. Rgg1 Qxg1
28. Rxg1 Re1+ 29. Rxe1 gxh6 30. Nxa5 Be5 31. h3 Rc5 32. Nc6 Bg3 33. Rd1 Kg7 34.
b3 Kf6 35. c4 Be5 36. cxb5 Rxb5 37. b4 Bc3 38. a3 Kxf5 39. Kc2 1-0

[Event "XXVIIIe Open de Metz - A"]
[Site "Complexe Saint-Symphorien"]
[Date "2010.04.10"]
[Round "1.5"]
[White "Feller, Sebastien"]
[Black "Hamdouchi, Adina-Maria"]
[Result "1-0"]
[WhiteElo "2576"]
[BlackElo "2332"]
[Annotator "Antares"]
[PlyCount "59"]
[EventDate "2010.04.10"]

1. d4 Nf6 2. c4 g6 3. Nc3 Bg7 4. e4 O-O 5. Be2 c6 6. e5 Ne8 7. f4 d6 8. Nf3
dxe5 9. fxe5 c5 10. dxc5 Qxd1+ 11. Bxd1 Nc6 12. Be3 Be6 13. Be2 Nxe5 14. Nxe5
Bxe5 15. Rc1 Ng7 16. O-O Nf5 17. Bf2 Bf4 18. Rcd1 Ne3 19. Rd4 Bh6 20. Nd5 Bxd5
21. cxd5 Nxf1 22. Kxf1 Bg7 23. Rb4 Rfd8 24. Rxb7 Rxd5 25. b4 a5 26. b5 Kf8 27.
c6 Be5 28. c7 Rc8 29. b6 Rd2 30. Bg3 1-0

[Event "XXVIIIe Open de Metz - A"]
[Site "Complexe Saint-Symphorien"]
[Date "2010.04.10"]
[Round "1.9"]
[White "Abbasov, Farid"]
[Black "Pucher, Sebastien"]
[Result "1-0"]
[WhiteElo "2549"]
[BlackElo "2273"]
[Annotator "Antares"]
[PlyCount "73"]
[EventDate "2010.04.10"]

1. d4 Nf6 2. c4 g6 3. Nc3 d5 4. Nf3 Bg7 5. Bf4 O-O 6. Rc1 Na6 7. e3 c5 8. cxd5
cxd4 9. Qxd4 Nxd5 10. Be5 Bxe5 11. Nxe5 Nxc3 12. Qxc3 Qb6 13. Qa3 Be6 14. Bxa6
Qxa6 15. Qxa6 bxa6 16. b3 Rfc8 17. Ke2 Kf8 18. Nd3 Bd7 19. Nc5 Bb5+ 20. Kf3 a5
21. Rc3 Rd8 22. Rhc1 Rd2 23. R3c2 Rxc2 24. Rxc2 Ke8 25. e4 Rd8 26. a4 Bc6 27.
Ke3 Rb8 28. h4 h5 29. Rc3 f5 30. f3 fxe4 31. fxe4 Rb4 32. Kf4 Kf7 33. Ke5 g5
34. hxg5 Kg6 35. Kf4 Rd4 36. Rd3 Rb4 37. Rd8 1-0

[Event "XXVIIIe Open de Metz - A"]
[Site "Complexe Saint-Symphorien"]
[Date "2010.04.11"]
[Round "2.1"]
[White "Drenchev, Petar"]
[Black "Bauer, Christian"]
[Result "1/2-1/2"]
[WhiteElo "2486"]
[BlackElo "2607"]
[Annotator "Antares"]
[PlyCount "54"]
[EventDate "2010.04.10"]

1. d4 Nf6 2. c4 e6 3. Nf3 c5 4. e3 g6 5. Nc3 Bg7 6. Be2 O-O 7. O-O Na6 8. e4
cxd4 9. Qxd4 d6 10. Rd1 Ne8 11. Qe3 Qe7 12. Rb1 b6 13. Nd4 Bb7 14. b4 Nec7 15.
a3 Rfd8 16. Bb2 Ne8 17. Ndb5 Nac7 18. Nxc7 Nxc7 {(=)} 19. Na4 Bxb2 20. Rxb2 Bc6
21. Nc3 Rd7 22. Rbd2 Rad8 23. h3 Kg7 24. Bf3 Kg8 25. Be2 Kg7 26. Bf3 Kg8 27.
Be2 Kg7 1/2-1/2

[Event "XXVIIIe Open de Metz - A"]
[Site "Complexe Saint-Symphorien"]
[Date "2010.04.11"]
[Round "2.6"]
[White "Bhat, Vinay S"]
[Black "Tirard, Hugo"]
[Result "1-0"]
[WhiteElo "2549"]
[BlackElo "2451"]
[Annotator "Antares"]
[PlyCount "85"]
[EventDate "2010.04.10"]

1. d4 Nf6 2. c4 c5 3. d5 b5 4. cxb5 a6 5. bxa6 Bxa6 6. Nc3 g6 7. e4 Bxf1 8.
Kxf1 d6 9. g3 Bg7 10. Kg2 O-O 11. Nf3 Nbd7 12. a4 Qb6 13. Qe2 Rfb8 14. Bd2 Qb3
15. Rhb1 e6 16. Ra3 Qb7 17. dxe6 fxe6 18. Bf4 Qc6 19. Rd1 e5 20. Qc4+ Kh8 21.
Ng5 Rf8 22. Bc1 Nb6 23. Qe6 Rae8 24. Qb3 h6 25. Nf7+ Rxf7 26. Qxf7 Nxe4 27.
Nxe4 Qxe4+ 28. Qf3 Qxf3+ 29. Rxf3 e4 30. Rf7 Nc4 31. Rb7 Bd4 32. Bxh6 Bxb2 33.
Rb1 Bd4 34. Rb8 Rxb8 35. Rxb8+ Kh7 36. Bf8 d5 37. Rc8 e3 38. fxe3 Nxe3+ 39. Kf3
c4 40. a5 c3 41. a6 Nc4 42. Rc7+ Kg8 43. Bh6 1-0

[Event "XXVIIIe Open de Metz - A"]
[Site "Complexe Saint-Symphorien"]
[Date "2010.04.11"]
[Round "2.7"]
[White "Spirin, Oleg"]
[Black "Zinchenko, Yaroslav"]
[Result "1/2-1/2"]
[WhiteElo "2449"]
[BlackElo "2546"]
[Annotator "Antares"]
[PlyCount "74"]
[EventDate "2010.04.10"]

1. d4 Nf6 2. Nf3 g6 3. c4 Bg7 4. g3 d5 5. cxd5 Nxd5 6. Bg2 Nb6 7. Nc3 Nc6 8. e3
O-O 9. O-O Re8 10. d5 Na5 11. Nd4 Bd7 12. e4 Rc8 13. Re1 Nbc4 14. b3 c5 15.
Nde2 Nd6 16. Bf4 b5 17. e5 b4 18. exd6 bxc3 19. Rc1 exd6 20. Nxc3 Rxe1+ 21.
Qxe1 Nb7 22. Ne4 Bf5 23. Bg5 f6 24. Be3 Qe7 25. Nd2 Bd3 26. Bf1 Bxf1 27. Qxf1
Qf8 28. Qd3 Re8 29. Nc4 f5 30. Rd1 h6 31. h4 Qf6 32. Qd2 Kh7 33. Kg2 Nd8 34.
Bf4 Nf7 35. Re1 Rxe1 36. Qxe1 g5 37. hxg5 hxg5 1/2-1/2

[Event "XXVIIIe Open de Metz - A"]
[Site "Complexe Saint-Symphorien"]
[Date "2010.04.11"]
[Round "2.8"]
[White "Zubarev, Alexander"]
[Black "Philippe, Christophe"]
[Result "1-0"]
[WhiteElo "2536"]
[BlackElo "2428"]
[Annotator "Antares"]
[PlyCount "57"]
[EventDate "2010.04.10"]

1. d4 Nf6 2. c4 e6 3. Nc3 Bb4 4. e3 b6 5. Nge2 Ba6 6. a3 Be7 7. Nf4 d5 8. cxd5
Bxf1 9. Kxf1 exd5 10. g4 h6 11. Qf3 c6 12. h4 Qd6 13. Bd2 Nbd7 14. Rc1 Nf8 15.
g5 hxg5 16. hxg5 Rxh1+ 17. Qxh1 N6h7 18. Nfxd5 Bd8 19. Nb4 Nxg5 20. Nb5 Qh6 21.
Qxh6 gxh6 22. Nxc6 Ne4 23. Bb4 a6 24. f3 axb5 25. fxe4 Rc8 26. Bxf8 Kxf8 27. e5
Bg5 28. Ke2 Ke8 29. d5 1-0

[Event "XXVIIIe Open de Metz - A"]
[Site "Complexe Saint-Symphorien"]
[Date "2010.04.11"]
[Round "2.11"]
[White "Burmakin, Vladimir"]
[Black "Claverie, Christophe"]
[Result "1-0"]
[WhiteElo "2604"]
[BlackElo "2345"]
[Annotator "Antares"]
[PlyCount "39"]
[EventDate "2010.04.10"]

1. Nf3 Nf6 2. g3 g6 3. b3 Bg7 4. Bb2 O-O 5. Bg2 d6 6. d4 c5 7. O-O Ne4 8. c4
Nc6 9. Nbd2 Nxd2 10. Qxd2 cxd4 11. Nxd4 Bd7 12. Rfd1 Qb6 13. Nf3 Bxb2 14. Qxb2
Rac8 15. Rac1 Nd8 16. Ne5 Be6 17. Nd3 a5 18. Nf4 Rc5 19. Qd4 Nc6 20. Qe3 1-0

[Event "XXVIIIe Open de Metz - A"]
[Site "Complexe Saint-Symphorien"]
[Date "2010.04.11"]
[Round "3.1"]
[White "Zubarev, Alexander"]
[Black "Bhat, Vinay S"]
[Result "1/2-1/2"]
[WhiteElo "2536"]
[BlackElo "2549"]
[Annotator "Antares"]
[PlyCount "145"]
[EventDate "2010.04.10"]

1. c4 e6 2. d4 d5 3. cxd5 exd5 4. Nc3 c6 5. Nf3 Nf6 6. Bg5 Be7 7. Qc2 g6 8. e3
Bf5 9. Bd3 Bxd3 10. Qxd3 Nbd7 11. O-O O-O 12. Rab1 a5 13. a3 Re8 14. Bxf6 Bxf6
15. Rfc1 Bg7 16. g3 Nb6 17. b4 axb4 18. axb4 Ra3 19. b5 c5 20. Ra1 Qa8 21. Rxa3
Qxa3 22. Rd1 c4 23. Qc2 Bf8 24. Rb1 Ra8 25. Kg2 Bb4 26. Ne2 Qa2 27. Rb2 Qa4 28.
Qb1 Ba3 29. Ra2 Qb3 30. Qa1 Qb4 31. Nc3 Qf8 32. h4 f6 33. Ng1 Kg7 34. Nh3 Bb4
35. Nf4 Bxc3 36. Qxc3 Kf7 37. Rxa8 Qxa8 38. Nxd5 Nxd5 39. Qxc4 b6 40. e4 Ke6
41. f3 Kd6 42. exd5 Qxd5 43. Qb4+ Ke6 44. Kf2 h5 45. Ke3 g5 46. Qb1 Kd6 47.
Qb4+ Ke6 48. hxg5 fxg5 49. Qb1 Kf6 50. Qb4 Kf7 51. Qa4 Kf6 52. Qb4 Kf7 53. Qb1
Kf6 54. Qd3 Qe6+ 55. Kf2 Qh3 56. Qf1 Qd7 57. Qc4 Qh3 58. Qc6+ Ke7 59. Qc7+ Ke8
60. Qe5+ Kf7 61. Qxg5 Qh2+ 62. Ke3 Qg1+ 63. Kd3 Qd1+ 64. Kc3 Qa1+ 65. Kc2 Qa4+
66. Kc3 Qa1+ 67. Kc2 Qa4+ 68. Kd2 Qxd4+ 69. Ke2 Qc4+ 70. Ke1 Qc3+ 71. Kf2 Qc2+
72. Kf1 Qd1+ 73. Kf2 1/2-1/2

[Event "XXVIIIe Open de Metz - A"]
[Site "Complexe Saint-Symphorien"]
[Date "2010.04.11"]
[Round "3.2"]
[White "Bauer, Christian"]
[Black "Lagarde, Maxime"]
[Result "1-0"]
[WhiteElo "2607"]
[BlackElo "2412"]
[Annotator "Antares"]
[PlyCount "101"]
[EventDate "2010.04.10"]

1. d4 Nf6 2. Nf3 g6 3. g3 Bg7 4. Bg2 O-O 5. O-O d6 6. a4 c5 7. Nc3 Nc6 8. d5
Nb4 9. Ne1 e6 10. dxe6 Bxe6 11. Nb5 d5 12. Bf4 Ne8 13. c3 Nc6 14. Nd3 Qd7 15.
Be3 d4 16. cxd4 cxd4 17. Bd2 Qd8 18. Nc5 Bc8 19. Rc1 a6 20. Na3 Nd6 21. b4 Re8
22. Re1 Ne5 23. Bf4 Ra7 24. Nd3 Nxd3 25. exd3 Be6 26. b5 Bf8 27. Ra1 Bd7 28.
Bxd6 Bxd6 29. Nc4 Bc5 30. Rxe8+ Bxe8 31. Rb1 axb5 32. axb5 b6 33. Be4 f6 34.
Qf3 Bf7 35. h4 Ra2 36. Rc1 Kg7 37. Kg2 h5 38. Qf4 Bb4 39. Rf1 Bc5 40. Rc1 Bb4
41. g4 hxg4 42. h5 gxh5 43. Qf5 Bc3 44. Rh1 Re2 45. Rxh5 Bxh5 46. Qxh5 f5 47.
Qxf5 Qh4 48. Qd7+ Kf8 49. Qc8+ Kg7 50. Qc7+ Kh8 51. Qe5+ 1-0

[Event "XXVIIIe Open de Metz - A"]
[Site "Complexe Saint-Symphorien"]
[Date "2010.04.11"]
[Round "3.5"]
[White "Feller, Sebastien"]
[Black "Fargere, Francois"]
[Result "0-1"]
[WhiteElo "2576"]
[BlackElo "2478"]
[Annotator "Antares"]
[PlyCount "76"]
[EventDate "2010.04.10"]

1. d4 d5 2. Nf3 Nf6 3. c4 c6 4. Nc3 dxc4 5. a4 Bf5 6. Nh4 e6 7. Nxf5 exf5 8.
Bg5 h6 9. Bxf6 Qxf6 10. e3 Bb4 11. Bxc4 a5 12. O-O O-O 13. Qb3 Qe7 14. Qc2 Qf6
15. Qb3 Nd7 16. Na2 Bd6 17. Qxb7 Bxh2+ 18. Kxh2 Qd6+ 19. g3 Rfb8 20. Qxa8 Rxa8
21. Nc1 Nf6 22. Ba2 Nd5 23. Nd3 Nb4 24. Bc4 Nxd3 25. Bxd3 c5 26. Bxf5 cxd4 27.
exd4 Qxd4 28. b3 Qd5 29. Bc2 Rc8 30. Rac1 g6 31. Bxg6 Rxc1 32. Rxc1 fxg6 33.
Rc3 Qd2 34. Rf3 Qe2 35. Rf4 g5 36. Rf5 Kg7 37. Kh3 Qe6 38. g4 Qxb3+ 0-1

[Event "XXVIIIe Open de Metz - A"]
[Site "Complexe Saint-Symphorien"]
[Date "2010.04.11"]
[Round "3.6"]
[White "Michiels, Bart"]
[Black "Sokolov, Andrei"]
[Result "0-1"]
[WhiteElo "2465"]
[BlackElo "2563"]
[Annotator "Antares"]
[PlyCount "101"]
[EventDate "2010.04.10"]

1. e4 c5 2. Nf3 e6 3. d4 cxd4 4. Nxd4 Nc6 5. Nb5 d6 6. c4 Nf6 7. N1c3 a6 8. Na3
Be7 9. Be2 O-O 10. O-O b6 11. Be3 Ne5 12. f3 Bb7 13. Qd2 Qc7 14. Rac1 Rac8 15.
Rfd1 Rfe8 16. Bf1 h6 17. Kh1 Qb8 18. Na4 Ned7 19. Qf2 Bxe4 20. fxe4 Ng4 21. Qg3
Nxe3 22. Qxe3 Bg5 23. Qe1 Bxc1 24. Rxc1 d5 25. Nc3 dxc4 26. Nxc4 b5 27. Nd2 Ne5
28. b4 Qd6 29. a3 Nd3 30. Bxd3 Qxd3 31. Nb3 Rc4 32. Nc5 Qd4 33. h3 Rc8 34. Rc2
R8xc5 35. bxc5 Qxc5 36. Qd2 a5 37. Rc1 Qe5 38. Ne2 Qxe4 39. Rxc4 Qxc4 40. Qb2
e5 41. Kg1 e4 42. Kf2 Qc5+ 43. Kf1 Qc4 44. Kf2 Qc5+ 45. Kf1 Qf5+ 46. Ke1 e3 47.
Nc3 b4 48. axb4 axb4 49. Ne2 Qe4 50. Kf1 b3 51. Nc3 {Illegible} 0-1

[Event "XXVIIIe Open de Metz - A"]
[Site "Complexe Saint-Symphorien"]
[Date "2010.04.11"]
[Round "3.9"]
[White "Zinchenko, Yaroslav"]
[Black "Shirazi, Kamran"]
[Result "1-0"]
[WhiteElo "2546"]
[BlackElo "2457"]
[Annotator "Antares"]
[PlyCount "45"]
[EventDate "2010.04.10"]

1. e4 c6 2. d4 d5 3. e5 c5 4. dxc5 Nc6 5. Bb5 e6 6. Be3 Nge7 7. c3 Nf5 8. Bd4
Bd7 9. Bxc6 Bxc6 10. Nf3 Nxd4 11. Qxd4 a5 12. b4 axb4 13. cxb4 b6 14. cxb6 Ra4
15. a3 Qa8 16. O-O Bxb4 17. axb4 Rxa1 18. Qc5 Bd7 19. Nd4 Qc8 20. Qd6 f6 21.
Nb3 Ra6 22. Nc5 Bb5 23. b7 1-0

[Event "XXVIIIe Open de Metz - A"]
[Site "Complexe Saint-Symphorien"]
[Date "2010.04.11"]
[Round "3.13"]
[White "Nijboer, Friso"]
[Black "Pucher, Sebastien"]
[Result "1-0"]
[WhiteElo "2562"]
[BlackElo "2273"]
[Annotator "Antares"]
[PlyCount "67"]
[EventDate "2010.04.10"]

1. e4 c5 2. Nf3 d6 3. d4 cxd4 4. Nxd4 Nf6 5. Nc3 a6 6. Be2 e5 7. Nb3 Be7 8. O-O
O-O 9. Re1 Be6 10. Bf3 Nbd7 11. a4 Rc8 12. Nd2 Nb8 13. Nf1 Nc6 14. g3 Nd4 15.
Bg2 b5 16. axb5 axb5 17. Be3 Nxc2 18. Qxc2 b4 19. Bd2 bxc3 20. Bxc3 Qb6 21. Ne3
g6 22. Qd3 Ra8 23. h3 Rfd8 24. Kh2 Qb3 25. Rxa8 Rxa8 26. f4 Nd7 27. Qd2 f6 28.
Nf5 Bf8 29. Nxd6 Rd8 30. Nf5 gxf5 31. exf5 Bc4 32. fxe5 Be7 33. exf6 Nxf6 34.
Qg5+ 1-0

[Event "XXVIIIe Open de Metz - A"]
[Site "Complexe Saint-Symphorien"]
[Date "2010.04.12"]
[Round "4.1"]
[White "Bhat, Vinay S"]
[Black "Bauer, Christian"]
[Result "1-0"]
[WhiteElo "2549"]
[BlackElo "2607"]
[Annotator "Antares"]
[PlyCount "69"]
[EventDate "2010.04.10"]

1. d4 e6 2. c4 Nf6 3. Nf3 c5 4. d5 d6 5. Nc3 exd5 6. cxd5 g6 7. Nd2 a6 8. a4
Nbd7 9. e4 Bg7 10. Nc4 Nb6 11. Ne3 O-O 12. Bd3 h5 13. O-O Ng4 14. a5 Nxe3 15.
Bxe3 Nd7 16. f4 Nf6 17. h3 Re8 18. Qf3 b5 19. Bf2 c4 20. Bc2 b4 21. Ne2 b3 22.
Bb1 Nd7 23. Ra4 Bxb2 24. Rxc4 Bg7 25. Nd4 Qxa5 26. Nc6 Qd2 27. e5 a5 28. Be1
Qb2 29. Bc3 Qa3 30. e6 Nf6 31. f5 b2 32. Qg3 Rf8 33. fxg6 fxe6 34. Ne7+ Kh8 35.
Qh4 1-0

[Event "XXVIIIe Open de Metz - A"]
[Site "Complexe Saint-Symphorien"]
[Date "2010.04.12"]
[Round "4.2"]
[White "Sokolov, Andrei"]
[Black "Zinchenko, Yaroslav"]
[Result "1-0"]
[WhiteElo "2563"]
[BlackElo "2546"]
[Annotator "Antares"]
[PlyCount "69"]
[EventDate "2010.04.10"]

1. e4 c5 2. Nf3 Nc6 3. d4 cxd4 4. Nxd4 Nf6 5. Nc3 d6 6. Bc4 e6 7. Be3 Be7 8.
Qe2 a6 9. O-O-O Nxd4 10. Bxd4 b5 11. Bb3 Bb7 12. f3 O-O 13. Kb1 b4 14. Na4 Nd7
15. Qe1 Rb8 16. Qg3 e5 17. Be3 Kh8 18. Bd5 Bxd5 19. Rxd5 f5 20. exf5 Nf6 21.
Rd3 Qd7 22. b3 Qxf5 23. Rhd1 d5 24. Qe1 Qe6 25. Bd4 Bd6 26. f4 Rfe8 $11 27.
fxe5 Bxe5 28. Re3 Ne4 29. Nc5 Qh6 30. Nxe4 Bf4 31. Nd6 Rf8 32. Re6 Qxh2 33. Re7
Bxd6 34. Bxg7+ Kg8 35. Qe6+ 1-0

[Event "XXVIIIe Open de Metz - A"]
[Site "Complexe Saint-Symphorien"]
[Date "2010.04.12"]
[Round "4.3"]
[White "Eingorn, Vereslav S"]
[Black "Zubarev, Alexander"]
[Result "1/2-1/2"]
[WhiteElo "2560"]
[BlackElo "2536"]
[Annotator "Antares"]
[PlyCount "60"]
[EventDate "2010.04.10"]

1. d4 Nf6 2. c4 e6 3. Nf3 c5 4. e3 d5 5. cxd5 exd5 6. Bb5+ Bd7 7. Bxd7+ Nbxd7
8. dxc5 Nxc5 9. O-O Be7 10. Bd2 O-O 11. Bc3 Nfe4 12. Bd4 Ne6 13. Nc3 Nxd4 14.
Nxd4 Nxc3 15. bxc3 Qc7 16. Qb3 Rfd8 17. Rfd1 Bf6 18. Rd3 Rac8 19. Rad1 Qc4 20.
g3 Qxb3 21. axb3 Bxd4 22. exd4 a5 23. Ra1 b6 24. Ra4 Rd6 25. c4 dxc4 26. bxc4
Rdc6 27. c5 bxc5 28. Rxa5 cxd4 29. Rxd4 g6 30. Rad5 Rc5 1/2-1/2

[Event "XXVIIIe Open de Metz - A"]
[Site "Complexe Saint-Symphorien"]
[Date "2010.04.12"]
[Round "4.6"]
[White "Spirin, Oleg"]
[Black "Nijboer, Friso"]
[Result "1/2-1/2"]
[WhiteElo "2449"]
[BlackElo "2562"]
[Annotator "Antares"]
[PlyCount "85"]
[EventDate "2010.04.10"]

1. d4 f5 2. g3 Nf6 3. Bg2 g6 4. Nf3 Bg7 5. c4 O-O 6. b4 c6 7. Nc3 a5 8. b5 Ne4
9. Qd3 d5 10. cxd5 Nxc3 11. Qxc3 Qxd5 12. bxc6 Nxc6 13. O-O Nxd4 14. Nxd4 Qxd4
15. Qb3+ Kh8 16. Rb1 a4 17. Qa3 Qd6 18. Qxd6 exd6 19. a3 Rb8 20. Bf4 Be5 21.
Rb6 Bxf4 22. gxf4 Be6 23. Rd1 Bc4 24. e3 Rfd8 25. Bd5 Bxd5 26. Rxd5 Rd7 27. Ra5
d5 28. Rxa4 Re8 29. Rab4 d4 30. Rxd4 Rxd4 31. exd4 Rd8 32. Rxb7 Rxd4 33. Rb4
Rd3 34. a4 Ra3 35. Kg2 Kg7 36. f3 Ra2+ 37. Kg3 h6 38. Rb7+ Kh8 39. Ra7 Kg8 40.
a5 Kh8 41. Ra6 Kg7 42. Ra7+ Kh8 43. Ra6 1/2-1/2

[Event "XXVIIIe Open de Metz - A"]
[Site "Complexe Saint-Symphorien"]
[Date "2010.04.12"]
[Round "4.7"]
[White "Philippe, Christophe"]
[Black "Brodsky, Michail"]
[Result "0-1"]
[WhiteElo "2428"]
[BlackElo "2527"]
[Annotator "Antares"]
[PlyCount "56"]
[EventDate "2010.04.10"]

1. e4 c5 2. Nf3 d6 3. d4 cxd4 4. Nxd4 Nf6 5. Nc3 a6 6. Bd3 g6 7. O-O Bg7 8. Re1
O-O 9. Bf1 Nc6 10. Nb3 b5 11. a4 b4 12. Nd5 e6 13. Nxf6+ Bxf6 14. a5 Bb7 15.
Ra2 Qe7 16. Be3 Rfc8 17. Qd2 Ne5 18. f3 d5 19. exd5 Bxd5 20. Ra4 Nc4 21. Bxc4
Rxc4 22. Nd4 Rd8 23. b3 Rc3 24. Bf2 e5 25. f4 Ba8 26. fxe5 Qb7 27. Be3 Bxe5 28.
Re2 Rxe3 0-1

[Event "XXVIIIe Open de Metz - A"]
[Site "Complexe Saint-Symphorien"]
[Date "2010.04.12"]
[Round "4.9"]
[White "Serafimov, Tervel"]
[Black "Milanovic, Danilo"]
[Result "0-1"]
[WhiteElo "2421"]
[BlackElo "2507"]
[Annotator "Antares"]
[PlyCount "76"]
[EventDate "2010.04.10"]

1. c4 b6 2. Nf3 Bb7 3. e3 Nf6 4. b3 e6 5. Bb2 c5 6. Be2 Be7 7. O-O O-O 8. d4 a6
9. Nc3 cxd4 10. Qxd4 d6 11. Rfd1 Nbd7 12. Qf4 Qc7 13. Qg3 Rac8 14. a4 Rfe8 15.
Nd2 Bf8 16. Rdc1 h6 17. Ba3 Qb8 18. Bb4 Ne5 19. Na2 d5 20. Bc3 Bd6 21. f4 Ned7
22. cxd5 exd5 23. Re1 Rxc3 24. Nxc3 d4 25. Nd1 dxe3 26. Nc4 Bxf4 27. Qh3 b5 28.
axb5 axb5 29. Na5 Bd5 30. g3 Be5 31. Rc1 Qb6 32. b4 Ba8 33. Qf5 Qd6 34. Rf1 Be4
35. Qh3 Qd2 36. Nb3 Qxe2 37. Nc3 Bxc3 38. Rxc3 Bd3 0-1

[Event "XXVIIIe Open de Metz - A"]
[Site "Complexe Saint-Symphorien"]
[Date "2010.04.12"]
[Round "4.10"]
[White "Ringoir, Tanguy"]
[Black "Sengupta, Deep"]
[Result "1/2-1/2"]
[WhiteElo "2401"]
[BlackElo "2496"]
[Annotator "Antares"]
[PlyCount "39"]
[EventDate "2010.04.10"]

1. e4 c6 2. d4 d5 3. exd5 cxd5 4. c4 Nf6 5. Nc3 Nc6 6. Nf3 Bg4 7. cxd5 Nxd5 8.
Bb5 Qa5 9. Qb3 Bxf3 10. gxf3 Nxc3 11. bxc3 e6 12. Bxc6+ bxc6 13. Qb7 Qxc3+ 14.
Bd2 Qxa1+ 15. Ke2 Qxh1 16. Qxc6+ Ke7 17. Qc7+ Ke8 18. Qc6+ Ke7 19. Qc7+ Ke8 20.
Qc6+ 1/2-1/2

[Event "XXVIIIe Open de Metz - A"]
[Site "Complexe Saint-Symphorien"]
[Date "2010.04.12"]
[Round "4.14"]
[White "Crut, Aurelien"]
[Black "Feller, Sebastien"]
[Result "0-1"]
[WhiteElo "2302"]
[BlackElo "2576"]
[Annotator "Antares"]
[PlyCount "98"]
[EventDate "2010.04.10"]

1. e4 c6 2. c4 g6 3. d4 Bg7 4. Nc3 d6 5. Nf3 a6 6. Be3 b5 7. a3 Nf6 8. h3 O-O
9. Be2 bxc4 10. Bxc4 d5 11. exd5 Nxd5 12. Nxd5 cxd5 13. Be2 a5 14. O-O Qb6 15.
Qd2 Ba6 16. Bxa6 Rxa6 17. Bh6 Nd7 18. Bxg7 Kxg7 19. Rfe1 e6 20. Rac1 Ra7 21.
Rc2 a4 22. Rec1 Qb8 23. Nh2 Rb7 24. Ng4 h5 25. Ne3 Nf6 26. f3 Qf4 27. Nf1 Qxd2
28. Rxd2 Rfb8 29. Rcc2 Rb3 30. Kf2 Ne8 31. Ne3 Nd6 32. h4 Nf5 33. Nxf5+ gxf5
34. Ke2 f4 35. Kd1 Kf6 36. Kc1 Re3 37. Kd1 Rbb3 38. Rc7 Red3 39. Rcc2 Kf5 40.
Ke2 Re3+ 41. Kd1 f6 42. Rc7 Red3 43. Rcc2 e5 44. dxe5 fxe5 45. Rxd3 Rxd3+ 46.
Ke2 Rb3 47. Rd2 d4 48. Kf2 d3 49. g3 Ke6 0-1

[Event "XXVIIIe Open de Metz - A"]
[Site "Complexe Saint-Symphorien"]
[Date "2010.04.13"]
[Round "5.1"]
[White "Bhat, Vinay S"]
[Black "Sokolov, Andrei"]
[Result "1/2-1/2"]
[WhiteElo "2549"]
[BlackElo "2563"]
[Annotator "Antares"]
[PlyCount "67"]
[EventDate "2010.04.10"]

1. d4 Nf6 2. c4 e6 3. Nf3 Bb4+ 4. Nbd2 b6 5. a3 Bxd2+ 6. Qxd2 a5 7. b3 Bb7 8.
e3 O-O 9. Be2 d6 10. O-O Nbd7 11. Bb2 Qe7 12. b4 h6 13. Qc2 Rfd8 14. Nd2 axb4
15. axb4 c5 16. Qb3 Qf8 17. f3 Rxa1 18. Rxa1 Ra8 19. Rxa8 Qxa8 20. Nb1 d5 21.
Na3 Bc6 22. cxd5 Ba4 23. Qc4 Nxd5 24. dxc5 bxc5 25. bxc5 Qa5 26. Kf2 Nxc5 27.
Qg4 f6 28. Nc4 Qc7 29. Ba3 Bd7 30. Qd4 Nb3 31. Qd3 Na5 {(=)} 32. Nd6 Qb6 33.
Nf5 Be8 34. Ne7+ 1/2-1/2

[Event "XXVIIIe Open de Metz - A"]
[Site "Complexe Saint-Symphorien"]
[Date "2010.04.13"]
[Round "5.2"]
[White "Brodsky, Michail"]
[Black "Burmakin, Vladimir"]
[Result "1/2-1/2"]
[WhiteElo "2527"]
[BlackElo "2604"]
[Annotator "Antares"]
[PlyCount "62"]
[EventDate "2010.04.10"]

1. e4 c6 2. d4 d5 3. Nd2 dxe4 4. Nxe4 Bf5 5. Ng3 Bg6 6. h4 h6 7. Nf3 Nd7 8. h5
Bh7 9. Bd3 Bxd3 10. Qxd3 e6 11. Bf4 Qa5+ 12. Bd2 Qc7 13. O-O-O O-O-O 14. Ne4
Ngf6 15. g3 Nc5 16. Nxc5 Bxc5 17. c4 Qe7 18. Ba5 Bb6 19. Bc3 Ng4 20. Qe2 Rhe8
21. Ne5 Nxe5 22. Qxe5 Qf6 23. Qxf6 gxf6 24. Kc2 f5 25. b3 Rg8 26. Rh4 Rg4 27.
Rxg4 fxg4 28. Bb2 Rg8 29. Bc1 Bd8 30. Bxh6 Rh8 31. Be3 Rxh5 1/2-1/2

[Event "XXVIIIe Open de Metz - A"]
[Site "Complexe Saint-Symphorien"]
[Date "2010.04.13"]
[Round "5.3"]
[White "Milanovic, Danilo"]
[Black "Eingorn, Vereslav S"]
[Result "1/2-1/2"]
[WhiteElo "2507"]
[BlackElo "2560"]
[Annotator "Antares"]
[PlyCount "59"]
[EventDate "2010.04.10"]

1. d4 e6 2. c4 Bb4+ 3. Bd2 Bxd2+ 4. Qxd2 Nf6 5. Nc3 d5 6. e3 O-O 7. Nf3 Qe7 8.
Be2 dxc4 9. Bxc4 c5 10. O-O Nc6 11. Rad1 cxd4 12. exd4 Bd7 13. Rfe1 Qb4 14. Qe2
Rad8 15. a3 Qb6 16. d5 exd5 17. Nxd5 Nxd5 18. Bxd5 Bg4 19. Bxc6 bxc6 20. Rxd8
Qxd8 21. Qe4 Bxf3 22. Qxf3 Qd2 23. Qe2 Qxe2 24. Rxe2 Rb8 25. Kf1 Kf8 26. Ke1
Rd8 27. Rd2 Rb8 28. Re2 Rd8 29. Rd2 Rb8 30. Re2 1/2-1/2

[Event "XXVIIIe Open de Metz - A"]
[Site "Complexe Saint-Symphorien"]
[Date "2010.04.13"]
[Round "5.7"]
[White "Corrales Jimenez, Fidel"]
[Black "Marzolo, Cyril"]
[Result "1-0"]
[WhiteElo "2585"]
[BlackElo "2470"]
[Annotator "Antares"]
[PlyCount "85"]
[EventDate "2010.04.10"]

1. e4 e5 2. Nf3 Nc6 3. Bb5 f5 4. Nc3 fxe4 5. Nxe4 Nf6 6. Nxf6+ Qxf6 7. Qe2 Be7
8. Bxc6 dxc6 9. Qxe5 Bg4 10. Qxf6 Bxf6 11. d3 Bxf3 12. gxf3 O-O 13. Rb1 Rf7 14.
Ke2 Raf8 15. h4 Bd4 16. c3 Bb6 17. Rh3 Re8+ 18. Be3 Rfe7 19. f4 Bc5 20. h5 Rf7
21. Kf3 Bd6 22. Rg1 Re5 23. Rg4 h6 24. b4 b6 25. Rg6 Kh7 26. Rh4 Ref5 27. Ke4
a5 28. a3 axb4 29. axb4 c5 30. b5 Be7 31. Rh3 Bd6 32. Re6 Rf8 33. Rh4 Kg8 34.
Re5 R5f7 35. Rg4 Kh7 36. Re6 Rf5 37. Reg6 R5f7 38. c4 Re8+ 39. Kd5 Bf8 40. Kc6
Rd8 41. f5 Rxd3 42. Bf4 Rd8 43. Be5 1-0

[Event "XXVIIIe Open de Metz - A"]
[Site "Complexe Saint-Symphorien"]
[Date "2010.04.13"]
[Round "5.9"]
[White "Nijboer, Friso"]
[Black "Brunner, Nicolas"]
[Result "1-0"]
[WhiteElo "2562"]
[BlackElo "2420"]
[Annotator "Antares"]
[PlyCount "71"]
[EventDate "2010.04.10"]

1. e4 c5 2. Nf3 d6 3. d4 cxd4 4. Nxd4 Nf6 5. Nc3 a6 6. Be3 e6 7. f3 b5 8. Qd2
Bb7 9. g4 h6 10. O-O-O Nbd7 11. Bd3 Ne5 12. Rhe1 Qa5 13. a3 Rc8 14. Kb1 Nc4 15.
Bxc4 Rxc4 16. h4 Nd7 17. Bf4 Qc7 18. Ndxb5 axb5 19. Nxb5 Qc6 20. Nxd6+ Bxd6 21.
Bxd6 f6 22. Re3 e5 23. Rd3 Kf7 24. b3 Rd4 25. Rxd4 exd4 26. Qxd4 Rc8 27. c4 Nb6
28. g5 hxg5 29. hxg5 Ba6 30. gxf6 gxf6 31. Bb4 Rh8 32. Qd6 Qb7 33. e5 fxe5 34.
Qxe5 Rh6 35. Qf5+ Rf6 36. Qh7+ 1-0